000 00194nam a2200085Ia 4500
008 170620s9999 xx 000 0 und d
100 _aMulla
245 0 _aPrinciples of Mohamedan Law
260 _bLexis Nexis
260 _c2006
999 _c29025
_d29025